000 00399 a2200145 4500
999 _c6726
_d6726
020 _a9789351541028
050 _aHD30.15MAT2016
100 _aMatthew, Ellie
_eauthor
245 _aVenus dictionary of management /
_cEllie Matthew
264 _aNew Delhi:
_bVenus Books,
_c2016
300 _a202p. :
500 _awith preface
650 _adictionary....management
942 _2lcc
_cBK
_h30.15
_iMAT
_kHD